| 000 | 00568nam a2200181Ia 4500 | ||
|---|---|---|---|
| 008 | 100917s9999 xx 000 0 und d | ||
| 082 | _b56727 | ||
| 100 | _aदुबे रामेश्वर दयाल | ||
| 245 | _aगांधी जीवन झलक | ||
| 260 |
_bराष्ट्रभाषा प्र. स. _c1967 |
||
| 300 | _a42 | ||
| 365 | _b0.79 | ||
| 520 | _aचरित्र | ||
| 630 | _aगांधी जीवन झलक | ||
| 650 | _aचरित्र | ||
| 730 | _aगांधी जीवन झलक | ||
| 942 | _cBOOK | ||
| 999 |
_c662121 _d662118 |
||